LEADER 01624nam a2200361 i 4500 001 000000343776 003 CaOOAMICUS 005 20230918150744.0 008 210114s2011 it b u001 u ita u 013 $a98389 020 $a978-88-315-3981-4 040 $aSeMil$bita 100 1 $aDurel, Alain.$0(OLS)http://semarc/name/112792 240 13$aLa presqu'île interdite.$0(OLS)http://semarc/title/432814 245 13$aLa penisola proibita :$besperienza al Monte Athos /$cAlain Durel. 260 $aMilano :$bPaoline,$c2011. 300 $a205 p. ;$c21 cm 490 1 $aLibroteca Paoline ;$v128 500 $aTraduzione dal francese a cura di Paolo Pellizzari. - Contiene : Piccolo trattato sulla preghiera del cuore 541 0 $aFondo mons. Pasquale Macchi (2K II 449) 650 4$aCristianesimo orientale.$0(OLS)http://semarc/subject/40789 650 4$aPreghiera del cuore.$0(OLS)http://semarc/subject/33427 650 4$aMonachesimo - Monte Athos.$0(OLS)http://semarc/subject/3536 650 4$aMonte Athos .$0(OLS)http://semarc/subject/12153 830 0$aLibroteca Paoline ;$v128.$0(OLS)http://semarc/title/8178 850 $aSeMil 852 $aSeMil$W1$xVenegono$y1$m2K II 449$j223657$B234795$CSeMilBibl$Z2$F234795 $81 941 1 $a8 961 $aFondo mons. Pasquale Macchi 996 $6020$a978-88-315-3981-4$9(OLS)http://semarc/number/292082 996 $6245$aLa penisola proibita :$besperienza al Monte Athos$9(OLS)http://semarc/title/432815 996 $6260$aMilano :$bPaoline$9(OLS)http://semarc/publisher/29684 LEADER 01217nam a2200265 i 4500 001 000000026849 003 CaOOAMICUS 005 20201014121400.0 008 180830s2011 it u000 u ita u 020 $a978-88-7088-561-3 040 $aSeMil$bita 245 10$a11.1: Discorsi di varia filosofia /$cBenedetto Croce ; [a cura di Alessandra Penna ; con una nota al testo di Gennaro Sasso]. 264 1$aNapoli :$bBibliopolis,$c2011. 300 $a290 p. ;$c24 cm 650 4$aFilosofia.$0(OLS)http://semarc/subject/212 700 1 $aCroce, Benedetto,$d<1866-1952>.$0(OLS)http://semarc/name/618 700 1 $aPenna, Alessandra.$0(OLS)http://semarc/name/12164 700 1 $aSasso, Gennaro,$d<1928- >.$0(OLS)http://semarc/name/7373 773 0 $aCroce, Benedetto <1866-1952>$tSaggi filosofici.$dNapoli : Bibliopolis, 1991-$w()23683 850 $aSeMil 852 $aSeMil$W1$xVenegono$y1$m2OA VI 15/1$j221803$B233529$CSeMilBibl$Z2$F233529 $81 996 $6020$a978-88-7088-561-3$9(OLS)http://semarc/number/1331 996 $6245$a11.1: Discorsi di varia filosofia$9(OLS)http://semarc/title/431439 996 $6264$aNapoli :$bBibliopolis$9(OLS)http://semarc/publisher/30003